000 00598nam a2200241Ia 4500
005 20260430150004.0
008 008 250103s9999 xx 000 0 eng d
037 _aTheses
040 _aCRL
040 _beng
040 _ceng
041 _2eng
041 _aeng
084 _qCRL
100 _aAnzar Ghufran Au.; Ahmad Imteyaz Gu.
_91236125
245 0 _aShaikh muhammad ikram ki nasri khidmat
260 _c2021
300 _a267 p.
650 _aUrdu Language
700 _aUniversity of Delhi. Faculty of Arts. Department of Urdu
942 _cTH
999 _c1848667
_d1848667